|
|
|
|
| LEADER |
00000nab a2200000 a 4500 |
| 001 |
vtls008955233 |
| 003 |
SK-MaSNL |
| 005 |
20260303070339.0 |
| 008 |
140512c20060215xo dr|p|||||||000 b|slo |
| 015 |
|
|
|a SNBRB2007/03
|2 snkbucl
|
| 038 |
|
|
|a SNKBUCL
|
| 040 |
|
|
|a SNKBUCL
|b slo
|c SNKBUCL
|e AACR2
|
| 041 |
|
|
|a slo
|
| 044 |
|
|
|a xo
|c SK
|
| 080 |
|
|
|a 82:929:821.113.6(480)
|2 2001
|
| 080 |
|
|
|a 929 Ahlfors, Bengt
|2 2001
|
| 080 |
|
|
|a 821.113.6(480)
|2 2001
|
| 100 |
1 |
|
|a Uličianska, Zuzana,
|d 1962-
|4 ivr
|9 103260
|
| 245 |
1 |
0 |
|a Každý dramatik je trochu sadista
|c Zuzana Uličianska, Bengt Ahlfors
|
| 300 |
|
|
|b Fotogr.
|
| 600 |
1 |
7 |
|a Ahlfors, Bengt,
|d 1937-
|2 snkbucl
|9 82020
|
| 700 |
1 |
|
|a Ahlfors, Bengt
|d 1937-
|4 ive
|9 82020
|
| 773 |
0 |
|
|t Sme. Práca
|g Roč. 15, č. 38 (15.2.2006)
|x 1335-440X
|
| 773 |
0 |
|
|t Kultúra
|g S. 21
|
| 852 |
|
|
|a SNK
|b KIS3GCP
|
| 958 |
|
|
|a BC
|
| 999 |
|
|
|c 1754981
|d 1756911
|